000 00509nam a2200181Ia 4500
003 OSt
005 20201218140657.0
008 190216s9999||||xx |||||||||||||| ||und||
020 _a9788171301638
040 _coclc
082 _a894.8121
_bCHU/A
100 _aChullikkad, Balachandran
_96434
245 0 _aAmavasi /
_cBalachandran Chullikkad
260 _bDc Books,
_a Kottayam:
_c2005.
300 _a60p
650 _aKavitha
942 _cBK
_2ddc
_h894.8121
_iCHU/A
_k894.8121
_mCHU/A
999 _c29108
_d29108